A.R.T.H.U.R. & M.A.R.T.H.A., or, The loves of the computers /

Bibliographic Details
Main Author: Lerner, Laurence
Format: Book
Language:English
Published: London : Secker and Warburg, 1980.

MARC

Tag First Indicator Second Indicator Subfields
LEADER 00000cam a2200000 a 4500
001 in00000090540
005 20151008063743.0
008 810217s1980 enk 00010 eng d
020 |a 0436244403 :  |c 2.95 
035 |a (OCoLC)07132785 
035 |9 AAK2866AM 
040 |a IAI  |c IAI  |d TXA  |d UtOrBLW 
049 |a TXAM  |c [1804365] 
090 |a PR6023.E76  |b A65 
100 1 |a Lerner, Laurence. 
245 1 0 |a A.R.T.H.U.R. & M.A.R.T.H.A., or, The loves of the computers /  |c Laurence Lerner. 
264 1 |a London :  |b Secker and Warburg,  |c 1980. 
300 |a 68 pages ;  |c 13 x 20 cm. 
336 |a text  |b txt  |2 rdacontent 
337 |a unmediated  |b n  |2 rdamedia 
338 |a volume  |b nc  |2 rdacarrier 
500 |a Poems. 
740 4 |a The loves of the computers. 
740 0 |a ARTHUR and MARTHA. 
999 |a MARS 
999 f f |s a1ad100c-f628-3fd2-b2ea-df9b263f78d7  |i 25bbbb44-eaea-34de-aaef-fffc97f568a3  |t 0 
952 f f |p ric  |a Texas A&M University  |b Rellis Campus  |c Joint Library Facility  |d Remote Storage  |t 0  |e PR6023.E76 A65  |h Library of Congress classification  |i unmediated -- volume  |m A14806186827 
998 f f |a PR6023.E76 A65  |t 0  |l Remote Storage